Catálogo
 En Linea

Saxo tenor : (Registro nro. 6138)

Detalles MARC
000 -CABECERA
campo de control de longitud fija 00956cam a2200277 a 4500
001 - NÚMERO DE CONTROL
campo de control 000006343
005 - FECHA Y HORA DE LA ÚLTIMA TRANSACCIÓN
campo de control 20200929153923.0
008 - DATOS DE LONGITUD FIJA--INFORMACIÓN GENERAL
campo de control de longitud fija 940720s1993 sp 000 d spa d
020 ## - NÚMERO INTERNACIONAL ESTÁNDAR DEL LIBRO
Número Internacional Estándar del Libro 8475077153
035 ## - NÚMERO DE CONTROL DEL SISTEMA
Número de control de sistema (DLC) 94189645
035 ## - NÚMERO DE CONTROL DEL SISTEMA
Número de control de sistema (OCoLC)30797337
040 ## - FUENTE DE LA CATALOGACIÓN
Centro catalogador/agencia de origen DO-SdBNP
Centro/agencia transcriptor IU
Centro/agencia modificador DLC
-- BNPHU
042 ## - CÓDIGO DE AUTENTICACIÓN
Código de autenticación lccopycat
082 ## - NÚMERO DE LA CLASIFICACIÓN DECIMAL DEWEY
Número de clasificación 862.64
Número de documento/Ítem V648s
049 ## - FONDOS LOCALES (OCLC)
Fondos de biblioteca BNGR
100 1# - ENTRADA PRINCIPAL--NOMBRE DE PERSONA
Nombre de persona Vidal Bolaño, Roberto,
Fechas asociadas al nombre 1950-2002
9 (RLIN) 17665
245 10 - MENCIÓN DE TÍTULO
Título Saxo tenor :
Resto del título desgracia arrabaldeira improbable entre loucos, chourizos, gángsters, chulos, currantes e putas /
Mención de responsabilidad, etc. Roberto Vidal Bolaño.
260 ## - PUBLICACIÓN, DISTRIBUCIÓN, ETC.
Lugar de publicación, distribución, etc. Vigo :
Nombre del editor, distribuidor, etc. Xerais de Galicia,
Fecha de publicación, distribución, etc. 1993.
300 ## - DESCRIPCIÓN FÍSICA
Extensión 101 p. ;
Dimensiones 18 cm.
490 1# - MENCIÓN DE SERIE
Mención de serie Os libros do Centro Dramático Galego
Designación de volumen o secuencia 13
500 ## - NOTA GENERAL
Nota general Una obra de teatro.
650 #4 - PUNTO DE ACCESO ADICIONAL DE MATERIA--TÉRMINO DE MATERIA
Término de materia o nombre geográfico como elemento de entrada Teatro español
9 (RLIN) 3071
650 #4 - PUNTO DE ACCESO ADICIONAL DE MATERIA--TÉRMINO DE MATERIA
Término de materia o nombre geográfico como elemento de entrada Literatura española
Subdivisión cronológica SIGLO XX
9 (RLIN) 3326
830 #0 - PUNTO DE ACCESO ADICIONAL DE SERIE-TÍTULO UNIFORME
Título uniforme Os libros do Centro Dramático Galego ;
Designación de volumen o secuencia 13
9 (RLIN) 17666
910 ## - DATOS DE OPCIÓN DEL USUARIO (OCLC)
Datos de opción del usuario Catalogación por copia / LC
Existencias
Estado de retiro Estado de pérdida Restricciones de uso No para préstamo Código de colección Localización permanente Ubicación/localización actual Ubicación en estantería Fecha de adquisición Número de inventario Total de préstamos Signatura topográfica completa Código de barras Fecha visto por última vez Precio válido a partir de Tipo de ítem Koha
    Préstamo interno   Monografías: Libros y Folletos General General En catalogación 27.08.2009 LF1   862.64 V648s 6343-10 25.06.2020 25.06.2020 Préstamo interno

Con tecnología Koha